000 00484cam a2200181Ia 4500
020 _a0851988687
040 _cVXG
082 0 4 _a634 CAB 1994 C157 Or.
245 0 0 _aForage tree legumes in tropical agriculture /
260 _aWallingford, Oxon :
_bCAB International,
_cc1994
300 _axv, 389 p. :
_bill. ;
_c24 cm
650 0 _aLegumes
650 0 _aForage plants
650 0 _aLegume industry
700 1 _aGutteridge, Ross C
700 1 _aShelton, H. Max
942 _cAEDBB
999 _c18982
_d18982